Loading...
All India Reporter 1926 Allahabad
| Udgivet: |
Nagpur
All India Reporter Ltd.
1926
|
|---|
| LEADER | 00302nam a22000977a 4500 | ||
|---|---|---|---|
| 074 | |a 696 | ||
| 245 | |a All India Reporter 1926 Allahabad | ||
| 260 | |a Nagpur |b All India Reporter Ltd. |c 1926 | ||
| 300 | |a 768p. | ||
| 999 | |c 3173 |d 3173 | ||
| 952 | |0 0 |1 0 |4 0 |7 0 |9 4185 |a NUALS |b NUALS |d 2009-12-18 |l 0 |p 696 |r 2013-04-11 |t 1 |w 2013-04-11 |y SERIALS | ||